Регионална библиотека "Любен Каравелов" - Русе

[Уеб] Web дизайн (Запис номер 90333)

MARC детайли
000 -Лидер
Контролно поле с фиксирана дължина 02071nam a2200433 c 4500
003 - Код на организацията, давaща контролен номер
Контролно поле BLK
005 - Дата и час на последна редакция
Контролно поле 20200612102557.0
008 - Елементи от данни с фиксирана дължина
fixed length control field 180408b bul|||||r ||||||| ||bul||
010 ## - Наследен системен номер
LC control number KNG00095075000
020 ## - Международен стандартен номер на книга ISBN
Международен стандартен номер на книга ISBN 954-9574-69-5
040 ## - Източник на каталожния запис
Идентификатор на билиотеката - собственик на записа BLK
041 ## - Код за език
Код за езика на текст/звукозапис или на отделно заглавие Български
Код за езика КДБФ Български
080 ## - УДК
Текстов определител УДК Интернет. Изчислителни системи. Мултиизчислителни комплекси и многомашинни мрежи
УДК код - определител по УДК 004.738.5
УДК определител (035)
УДК - код + определител 004.738.5(035)
080 ## - УДК
Текстов определител УДК Машинна графика
УДК код - определител по УДК 681.327:003.6
УДК определител (035)
УДК - код + определител 681.327:003.6(035)
100 1# - Редна дума - Автор
Автор Дейвис, Джак
Авторска отговорност първи автор
R(LIN) 303946
139 ## - Редно поле
Редна дума Дейвис, Джак и др.
Авторски знак Деи - Д 34
245 10 - Сведения за заглавието
Заглавие [Уеб] Web дизайн
Подзаглавни данни Над 600 цв. примера за вдъхновяващи интерфейс решения
Редно поле (дума) Джак Дейвис; съавт. Сюзън Мерит; ред. Линеа Дейтън.
257 ## - Страна на издаване
Страна на създаване/издаване Съединени американски щати
260 ## - Област на издателските данни
Име на издателя, разпространителя и проч. Тракия-М
Година на издаване 2001
300 ## - Физическа характеристика
Страници 216 с.
Илюстрации и др. с ил.
Размери/Мащаб 22Х28 см
Съпровождащи материали CD
380 ## - Жанр
Жанр Общ отдел
500 ## - Общи забележки
Забележка Ориг. загл. The WEB Design Wow! Book / Jack Davis and Susan Merritt. - Съдържа и за авт. - Индексен указател. - Прил. със същото загл. и сигн. CD 2482.
650 #4 - Допълнително описание по предмет – тема
Основно описание – тема или топоним Интернет - наръчници и ръководства
9 (RLIN) 257284
650 #4 - Допълнително описание по предмет – тема
Основно описание – тема или топоним Машинна графика - наръчници и ръководства
9 (RLIN) 244369
650 #4 - Допълнително описание по предмет – тема
Основно описание – тема или топоним Компютърна графика
9 (RLIN) 270631
653 ## - Ключова дума – ненормативна
Ключова дума web-дизайн
653 ## - Ключова дума – ненормативна
Ключова дума машинна графика
653 ## - Ключова дума – ненормативна
Ключова дума уеб дизайн
653 ## - Ключова дума – ненормативна
Ключова дума Интернет
653 ## - Ключова дума – ненормативна
Ключова дума компютърна графика
653 ## - Ключова дума – ненормативна
Ключова дума наръчници
700 1# - Други автори (авторска отговорност)
Лично име Мерит, Сюзън
Автороска отговорност (Описва отношението между автора и произведението) съавт.
9 (RLIN) 303947
700 1# - Други автори (авторска отговорност)
Лично име Дейтън, Линеа
Автороска отговорност (Описва отношението между автора и произведението) ред.
9 (RLIN) 303948
852 ## - Местоположение
Форматна сигнатура Цб 247456
856 4# - Електронен адрес и достъп
Електронен формат pdf - файл
856 4# - Електронен адрес и достъп
Електронен формат pdf - файл
999 ## - СИСТЕМНИ КОНТРОЛНИ НОМЕРА
Koha biblionumber 90333
Koha biblioitemnumber 90333
942 ## - АРТИКУЛИ
Вид на библиотечния материал Книги
Скрит в OPAC Не
Koha issues (borrowed), all copies 2
Периодичен библиозапис Да
944 ## - СЪЗДАВАНЕ И РЕДАКЦИЯ на ЗАПИСА
Създаване/Редакция Създаване
Дата на регистрацията/редакция 31.03.2010
Статус, дата на статуса ф /
Служител, извършил регистрацията/редакцията Людмила_Стоянова
944 ## - СЪЗДАВАНЕ И РЕДАКЦИЯ на ЗАПИСА
Създаване/Редакция Редакция
Дата на регистрацията/редакция 22.04.2016
Статус, дата на статуса ф /
Служител, извършил регистрацията/редакцията Людмила_Стоянова
999 ## - СИСТЕМНИ КОНТРОЛНИ НОМЕРА
Koha biblioitemnumber 90333
Наличности
Код за отписване Код за изгубен артикул Код за повреда Коз за рестрикции Код за отдаване Артикулен № Име на библиотеката - собственик Име на библиотеката, в която се намира в момента Статус (Текущо местоположение) Дата на вписване в системата Местоположение - отдел Цена в лева Инвентарен номер Систематично азбучна сигнатура Баркод Номер на екземпляра Цена в евро Служебна бележка Служебен тип на артикула Източник на класификационната схема
  Не е изгубен Не е повреден без рестрикции ползва се в читалня 146103 Регионална библиотека "Любен Каравелов" Русе Регионална библиотека "Любен Каравелов" Русе Хранилище 2010-03-29 Основен фонд - ползва се само за читалня 30.00 120000743102 Цб 247456 120000743102 1 15.34 Дост: DA Вид: А N: 10 Дата: 29.03.2010 Книги  
Изтеглен Не е изгубен Не е повреден без рестрикции заемане за дома 146104 Регионална библиотека "Любен Каравелов" Русе Регионална библиотека "Любен Каравелов" Русе Заемна - подръчен фонд 2016-04-15 Заемна - подръчен фонд 30.00 120000799803 004/Д 34 120000799803 2 15.34 Дост: DA Вид: А N: 16 Дата: 15.04.2016 Дата инв: 07.02.2018 Бележки инв: П2018 Книги Universal Decimal Classification
Vip Innovations Ltd, Rousse, Bulgaria 2025